000 00433nam a22001697a 4500
005 20160520135850.0
008 160520b xxu||||| |||| 00| 0 eng d
020 _a978-93-5027-022-6
041 _aeng
082 _b3569
100 _aOjha N. Chowdhury S & Vaijayanthi B
_9883
245 _aBasic Chemistry for Class 12
260 _bBharti Bhawan Pub.
_c2011
300 _a512
650 _aDIPLOMA ENGINEERING
_9817
942 _cBK
999 _c1210
_d1210